000 01115nam a2200253Ia 4500
999 _c53209
_d53209
001 20250
003 GE_BSU
005 20200727134906.0
008 181216s1988||||ge |||||||||||||| ||geo||
020 _a5505006671
040 _cGE_BSU
041 _ageo
100 _aღამბაშიძე, რ.
_91113
245 _aქართული ენის ინგილოური კილოს ლექსიკონი = Словарь Ингилойского наречия грузинского языка /
_cრ. ღამბაშიძე ; ა. შანიძის რედაქციით.
264 _aთბილისი :
_bგანათლება,
_c1988.
300 _a630 გვ. ;
_c22 სმ
500 _aპარალელური სათაური რუსულ ენაზე
541 _h8ლ.
653 _aინგილიური ლექსიკონი
653 _aლექსიკონი
653 _aქართული ენა
700 _aშანიძე, რ.
_eრედაქტორი
_99054
942 _cBK
_2udc